| 000 | 00640cam a22001817a 4500 | ||
|---|---|---|---|
| 008 | 180718b2011 xxu||||| |||| 00| 0 eng d | ||
| 082 | _aDx5 W232 | ||
| 100 | _aWarikoo, K. | ||
| 245 |
_aCentral Asia and South Asia : energy cooperation and transport linkages _cedited by K. Warikoo |
||
| 260 |
_aNew Delhi _bPentagon _c2011 |
||
| 300 | _a293p. | ||
| 650 | _aPower resources -- Asia, Central | ||
| 650 | _aEnergy industries -- Asia, Central | ||
| 650 | _aAsia, Central -- Transportation | ||
| 650 | _aSouth Asia -- Transportation | ||
| 650 | _aAsia, Central -- Politics and government | ||
| 650 | _aSouth Asia -- Politics and government | ||
| 999 |
_c444413 _d444413 |
||